000 00434nam a2200169Ia 4500
008 090711s9999 xx 000 0 und d
082 _b70191
100 _aशहा प्रकाश
245 _aवायरमन
260 _c1990
300 _a240
600 _aशहा प्रकाश
630 _aवायरमन
700 _aशहा प्रकाश
730 _aवायरमन
942 _cBOOK
999 _c290103
_d290103